| 000 | 00968cam a22002892 4500 | ||
|---|---|---|---|
| 001 | 0000025391 | ||
| 005 | 20151217154531.0 | ||
| 008 | 150831s xx 000 0 eng d | ||
| 020 | _a0199551132 : | ||
| 040 |
_aKABU _cKABU |
||
| 245 | 1 | 4 | _aThe Future of International Economic Law. |
| 260 |
_aUK : _bO.U.P., _c2008. |
||
| 300 | _a viii, 326 p. | ||
| 504 | _aInternational Economic Law. | ||
| 650 | 0 |
_aWorld Trade Organization. _@0000151316 |
|
| 650 | 0 |
_aForeign trade regulation. _@0000162769 |
|
| 700 | 1 |
_aWilliam J Davey. _@0000186054 |
|
| 700 | 1 |
_aJohn Jackson. _@0000186055 |
|
| 908 | _a150831 | ||
| 950 | _@1 | ||
| 999 |
_c11681 _d11681 |
||